Zo stanoviska Slovenskej odborovej rady k Zásadám novelizácie Zákonníka práce, ktoré schválila 6. plenárna schôdza Slovenskej odborovej rady

Bibliographic Details
Format: Article
Language:Slovak
Subjects:

MARC

LEADER 00000nab a2200000 a 4500
001 vtls000320464
003 SK-MaSNL
005 20260303042928.0
008 111201c1988 xo 0 slo
015 |a SNBRB19rr/mm-uuuuu 
035 |a CL0320586 
040 |a SNKBUCL  |b slo  |c SNKBUCL  |e AACR2 
041 0 |a slo 
044 |a xo  |c SK 
080 |a 349.2/.3:331:331.88(437.6)  |2 1981 
080 |a 331  |2 1981 
080 |a 331.88(437.6)  |2 1981 
245 0 0 |a Zo stanoviska Slovenskej odborovej rady k Zásadám novelizácie Zákonníka práce, ktoré schválila 6. plenárna schôdza Slovenskej odborovej rady 
650 0 7 |a Zákonník práce  |2 snkbucl  |9 462993 
650 0 7 |a SOR  |2 snkbucl  |9 921551 
651 7 |a 5100  |2 snkbucl  |9 166206 
655 7 |a články z novín a časopisov  |2 snkbucl  |9 267496 
773 0 |t Práca  |g Roč. 43, č. 116 (19. 5. 1988), s. 1 a 2 
850 |a Slovenská národná knižnica v Martine  |a MTA001 
852 |a SNK  |b KIS3GCP 
958 |a RK 
992 |a RBX 
999 |c 1694591  |d 1696521